000 01045 a2200193 4500
003 Nust
005 20221207183053.0
010 _a 86015360
020 _a0070561273 :
040 _cNust
082 0 0 _a621.38153,SCO
100 1 _aScott, Donald E.
_9104389
245 1 3 _aAn introduction to circuit analysis :
_ba systems approach /
_cDonald E. Scott.
260 _aNew York :
_bMcGraw-Hill,
_cc1987.
300 _axviii, 730 p. :
_bill. ;
_c25 cm.
505 _aResistor Circuits(Page-1), The Basic Tools Of Circuits Analysis (Page-51), Signals (Page-81), Energy-Storage Elements (Page-115), System Equations (Page-167), Firs-Order Systems (Page-205), Second-Order Systems (Page-253), Operational Amplifiers (Page-311), State-Variable Analysis (Page-355), Systems With Sinusoidal Inputs (Page-397), Systems With Complex Exponential Inputs (Page-459), Two-Port Networks (Page-511), Fourier Series (Page-573), The Fourier Transform (Page-623), Laplace Transforms (Page-653).
650 0 _aElectric circuit analysis.
_92075
942 _2ddc
_cBK
999 _c182372
_d182372